000 00385nam a2200145 i 4500
001 bg
100 1 _aBOGIN, N. M.
245 0 _aPovyšenie nadeżnosti processov proizvodstva naprjażennych żelezobetonnych konstrukcij /
_cN. Bogin.
260 _aMoskva,
_c1969.
040 _cBPK
041 _apol
080 _a666.982
942 _cKS
008 s pl f |000 0 pol
999 _c12455
_d12455
856 _uhttp://koha.tu.koszalin.pl/cgi-bin/koha/opac-detail.pl?biblionumber=12455
_yKatalog online BPK